Statistics for Tampa Bay Rays Trivia

Click here to take the quiz!

General Stats

  • This quiz has been taken 94 times
  • The average score is 7 of 10

Answer Stats

QuestionAnswer% Correct
What was the original name of the Rays?{Devil} Rays
100%
Against which National League team do the Rays play against in the "Citrus Series"?Miami Marlins
94%
What is the name of the Rays' stadium? (Hint: orange juice)Tropicana Field
93%
What former Rays slugger has a name that's almost exactly the same as a star of the
TV show "Desparate Housewives"?
Evan Longoria
75%
Who are the two Rays pitchers to win a Cy Young award?Blake Snell
75%
Who are the two Rays pitchers to win a Cy Young award?David Price
67%
What 1988 movie starring Kevin Costner and Susan Sarandon is about the
AAA affiliate of the Rays?
Bull Durham
63%
What speedster recorded 105 triples for the Rays between 2002 and 2010?Carl Crawford
60%
What player wanted his Hall of Fame plaque to show him wearing a Rays cap -
but was denied and instead shows him wearing a Red Sox cap?
Wade Boggs
59%
What 2002 Disney movie was about a high school baseball coach who made his
Major League debut with the Rays at age 35?
The Rookie
54%

Score Distribution

Percentile by Number Answered

Percent of People with Each Score

Your Score History

You have not taken this quiz